|
|
|
|
| LEADER |
00000cam a2200000 7i4500 |
| 001 |
0000164990 |
| 005 |
20121107.0 |
| 020 |
|
|
|a 978118171684
|
| 090 |
0 |
0 |
|a 796.0698
|b DAV
|
| 100 |
1 |
|
|a Davis, John A
|
| 245 |
1 |
4 |
|a The Olympic games effect :
|b how sports marketing builds strong brands
|c John A. Davis
|
| 250 |
|
|
|a 2nd ed
|
| 260 |
|
|
|a Singapore :
|b John Wiley & Sons Singapore Pte.Ltd. ,
|c 2012
|
| 300 |
|
|
|a 398p. ;
|c 23cm.
|
| 650 |
0 |
0 |
|a Branding (Marketing)
|
| 650 |
0 |
0 |
|a Olympics
|x Economic aspects
|
| 650 |
0 |
0 |
|a Sport
|x Marketing
|
| 999 |
|
|
|a 00266778
|b BUKU
|c PINJAMAN
|e PERPUSTAKAAN KOMUNITI PETALING JAYA
|